| 000 | 00443nam a2200181Ia 4500 | ||
|---|---|---|---|
| 005 | 20250425160803.0 | ||
| 008 | 250425s9999 xx 000 0 und d | ||
| 041 | _aeng | ||
| 082 | _a661.804 | ||
| 110 | _aAMERICAN CHEMICAL SOCIETY | ||
| 245 | 0 | _aAGRICULTURAL APPLICATIONS OF PETROLEUM PRODUCTS | |
| 250 | _a1ST ED. | ||
| 260 |
_aEstados Unidos _bS.E. _c1952 |
||
| 260 | _aWASHINGTON | ||
| 300 | _a104 | ||
| 942 | _c01 | ||
| 010 | _a5181 | ||
| 999 |
_c196116 _d196116 |
||